Statistiques concernant Mots de la langue française se terminant par "esse"

Cliquez ici pour prendre le quiz!

Statistiques générales

  • Ce quiz a été pris 441 fois
  • Le résultat moyen est 31 sur 61

Statistiques - réponses

IndiceMot% Correct
épouse de ducduchesse
92%
fille de roiprincesse
91%
arrière-trainfesse
88%
divinité fémininedéesse
85%
geste tendrecaresse
82%
amante-enseignantemaitresse
82%
nattetresse
80%
journauxpresse
78%
de Ségur - du Barrycomtesse
77%
habiletéadresse
76%
dévoreuse d'enfantsogresse
76%
majestéaltesse
72%
gestationgrossesse
71%
femme médecindoctoresse
70%
rapiditévitesse
70%
ariditésécheresse
69%
oisivetéparesse
68%
manque de largeurétroitesse
66%
manque d'habiletémaladresse
66%
femelle d'un fauvetigresse
66%
subtilitéfinesse
64%
fortificationforteresse
63%
amabilitégentillesse
63%
officemesse
61%
esclave noire,autrefoisnégresse
61%
fête en plein airkermesse
59%
affectiontendresse
57%
joie collectiveliesse
56%
courtoisiepolitesse
55%
abondance de biensrichesse
55%
crochetesse
53%
pansementcompresse
51%
démonediablesse
51%
morositétristesse
51%
griserieivresse
47%
sotte (animal)ânesse
46%
manque de vigueurmollesse
46%
exploitprouesse
43%
désarroidétresse
42%
habitante de BerneSuissesse
42%
tactdélicatesse
41%
primogénitureaînesse
39%
bon senssagesse
39%
supérieure d'un couventabbesse
38%
générositélargesse
35%
téméritéhardiesse
34%
agilitésouplesse
33%
engagementpromesse
32%
manque de fermetéfaiblesse
31%
duretérudesse
30%
logeusehôtesse
29%
exactitudejustesse
28%
minceursveltesse
23%
grandeur moralenoblesse
19%
fraicheurjeunesse
18%
trompeusetraitresse
16%
usurevieillesse
16%
manque de tactindélicatesse
14%
petvesse
10%
pythieprophétesse
8%
résistancerobustesse
8%

Distribution des résultats

Percentile par nombre de réponses

% des personnes avec chaque résultat

Votre développement - résultats

Vous n’avez pas pris ce quiz